000 00316nam a2200133Ia 4500
008 200103s9999||||xx |||||||||||||| ||und||
040 _aIMU-MPC
082 _aColumn-46
100 _aRushbrook, Frank
245 0 _aFire Aboard
260 _bThe Technical Press Ltd., London
_c1961
300 _axvi, 470
942 _cBK
999 _c9339
_d9339